Natya sastra (v.2)/ (Record no. 30795)

000 -LEADER
fixed length control field 00372nam a22001571a 4500
020 ## - INTERNATIONAL STANDARD BOOK NUMBER
International Standard Book Number 9788170814023
082 ## - DEWEY DECIMAL CLASSIFICATION NUMBER
Classification number S 792.8
Item number UNN/N
100 ## - MAIN ENTRY--PERSONAL NAME
Personal name Unni N P
9 (RLIN) 112902
245 ## - TITLE STATEMENT
Title Natya sastra (v.2)/
Statement of responsibility, etc. by Unni N P.
260 ## - PUBLICATION, DISTRIBUTION, ETC.
Place of publication, distribution, etc. Delhi:
Name of publisher, distributor, etc. Nag,
Date of publication, distribution, etc. 1998.
300 ## - PHYSICAL DESCRIPTION
Extent 886p.
650 ## - SUBJECT ADDED ENTRY--TOPICAL TERM
Topical term or geographic name entry element Natyasastram
9 (RLIN) 112903
650 ## - SUBJECT ADDED ENTRY--TOPICAL TERM
Topical term or geographic name entry element Dance
9 (RLIN) 112904
650 ## - SUBJECT ADDED ENTRY--TOPICAL TERM
Topical term or geographic name entry element Arts
9 (RLIN) 112905
942 ## - ADDED ENTRY ELEMENTS (KOHA)
Koha item type Book
Holdings
Withdrawn status Lost status Damaged status Not for loan Permanent Location Current Location Shelving location Date acquired Cost, normal purchase price Total Checkouts Full call number Barcode Date due Date last seen Date last checked out Cost, replacement price Price effective from Koha item type
        Sree Sankaracharya University of Sanskrit Sree Sankaracharya University of Sanskrit Stacks 08.01.2015 133.00 9 S 792.8 UNN/N 012724 07.04.2026 24.03.2026 24.03.2026 0.00 08.01.2015 Book